[Event "Speed Chess Super Swiss"]
[Site "Chess.com INT"]
[Date "2021.10.16"]
[Round "9"]
[White "Rychagov, Andrey"]
[Black "Amgalantengis, Enkh Amgalan"]
[Result "1-0"]
[WhiteElo "2549"]
[BlackElo "1878"]
[PlyCount "93"]
[EventDate "2021.10.16"]
[EventType "swiss (blitz)"]
[EventRounds "15"]
[EventCountry "USA"]
[SourceTitle "CBM 204 Extra"]
[Source "ChessBase"]
[SourceDate "2021.11.30"]
[SourceVersion "1"]
[SourceVersionDate "2021.11.30"]
[SourceQuality "1"]

1. d4 Nf6 2. c4 g6 3. Nc3 Bg7 4. e4 0-0 5. Nf3 c5 6. Be2 d6 7. 0-0 Bg4 8. d5 Na6 9. Be3 Nc7 10. Nd2 Bxe2 11. Qxe2 a6 12. a4 Rb8 13. a5 b5 14. axb6 Rxb6 15. Ra2 Qb8 16. b3 Qb7 17. h3 Rb8 18. Rb1 Qc8 19. Qd3 Nd7 20. f4 e6 21. Na4 Rb4 22. dxe6 Nxe6 23. Qxd6 Nd4 24. e5 Nf5 25. Qd3 Nxe3 26. Qxe3 Nb6 27. Nc3 h5 28. Re1 Kh7 29. Nce4 Nd7 30. e6 Bd4 31. Qxd4 cxd4 32. exd7 Qc6 33. f5 Kg7 34. f6+ Kh6 35. h4 Qxd7 36. Ng5 Rf8 37. Re7 Qg4 38. Rxf7 Qd1+ 39. Kh2 Rxf7 40. Nxf7+ Kh7 41. Nf3 Kg8 42. N7g5 Rb6 43. f7+ Kf8 44. Rd2 Qa1 45. Rxd4 Rb8 46. Rd7 Qf6 47. Nh7+ 1-0

[Event "Speed Chess Super Swiss"]
[Site "Chess.com INT"]
[Date "2021.10.16"]
[Round "15"]
[White "Smirnov, Pavel"]
[Black "Amgalantengis, Enkh Amgalan"]
[Result "0-1"]
[WhiteElo "2544"]
[BlackElo "1878"]
[PlyCount "74"]
[EventDate "2021.10.16"]
[EventType "swiss (blitz)"]
[EventRounds "15"]
[EventCountry "USA"]
[SourceTitle "CBM 204 Extra"]
[Source "ChessBase"]
[SourceDate "2021.11.30"]
[SourceVersion "1"]
[SourceVersionDate "2021.11.30"]
[SourceQuality "1"]

1. d4 Nf6 2. c4 g6 3. Nf3 Bg7 4. g3 0-0 5. Bg2 c5 6. 0-0 d6 7. Nc3 Bg4 8. dxc5 dxc5 9. Ne5 Bc8 10. Be3 Na6 11. Qb3 Qb6 12. Qxb6 axb6 13. Na4 Ng4 14. Nxg4 Bxg4 15. Nxb6 Rad8 16. Bxb7 Rb8 17. Bxa6 Rxb6 18. Bb5 Bxb2 19. Bxc5 Re6 20. Rab1 Bc3 21. Rb3 Bf6 22. f3 Bh3 23. Re1 Rc8 24. Be3 Rxe3 25. Rxe3 Bd4 26. Kf2 Be6 27. Rd1 Bc5 28. a4 f5 29. a5 g5 30. f4 gxf4 31. gxf4 Kg7 32. a6 Kf6 33. Kf3 Bf7 34. Re5 Ba7 35. Rd7 Bh5+ 36. Kg2 Rg8+ 37. Kh1 Rg1# 0-1